00774nac a22002171u 4500010001600000020001500016082001600031090001500047100003400062245009700096260004300193300003500236500002000271500002600291511002600317650003700343650003900380942001800419999001500437952010400452 a 98018625 a007289179300a005.73bBAI c5686d5686 aBailey, Duane A. 10aJava structures :bdata structures in Java for the principled programmer /cDuane A. Bailey. aBoston :bWCB McGraw-Hill,1999cc1999. axiii, 369 p. :bill. ;c25 cm. aIncludes index. adistributer: Al-Ahram acatalogued by: wessam 0aJava (Computer program language) 0aData structures (Computer science) cBBk005.73BAI c5686d5686 00104070aMAINbMAINcLOWd2007-11-01ePurchasel0o005.73BAIp000007353r2025-07-15 00:00:00yBB